|
|
|
|
| LEADER |
01551nam a2200421 4500 |
| 001 |
ocn867808023 |
| 003 |
OCoLC |
| 005 |
20180501122015.0 |
| 006 |
m o d |
| 007 |
cr mnu---uuaaa |
| 008 |
140107s2014 ne a oab 001 0 eng |
| 040 |
|
|
|a AU@
|b eng
|e rda
|e pn
|c AU@
|d IDEBK
|d OCLCO
|d YDXCP
|d UKMGB
|d OPELS
|d UIU
|d OCLCF
|d CDX
|d OCLCQ
|d CNCGM
|d OCLCQ
|d GrThAP
|
| 016 |
7 |
|
|a 016627799
|2 Uk
|
| 016 |
7 |
|
|a 016629163
|2 Uk
|
| 019 |
|
|
|a 870650528
|
| 020 |
|
|
|a 9780128000953
|
| 020 |
|
|
|a 0128000953
|
| 020 |
|
|
|a 9780128005859
|q (PDF ebook)
|
| 020 |
|
|
|a 0128005858
|q (PDF ebook)
|
| 035 |
|
|
|a (OCoLC)867808023
|z (OCoLC)870650528
|
| 050 |
|
4 |
|a RA1224.2
|
| 082 |
0 |
4 |
|a 616.65071
|2 23
|
| 049 |
|
|
|a TEFA
|
| 245 |
0 |
0 |
|a Endocrine disrupters /
|c edited by Gerald Litwack.
|
| 260 |
|
|
|a Amsterdam :
|b Academic Press,
|c Ã2014.
|
| 300 |
|
|
|a 1 online resource (xviii, 451 pages) :
|b illustrations.
|
| 336 |
|
|
|a text
|b txt
|2 rdacontent
|
| 337 |
|
|
|a computer
|b c
|2 rdamedia
|
| 338 |
|
|
|a online resource
|b cr
|2 rdacarrier
|
| 490 |
1 |
|
|a Vitamins and hormones,
|x 0083-6729 ;
|v v. 94
|
| 500 |
|
|
|a Title from PDF title page (Science Direct, viewed January 7, 2014).
|
| 504 |
|
|
|a Includes bibliographical references and index.
|
| 650 |
|
0 |
|a Endocrine disrupting chemicals.
|
| 650 |
|
7 |
|a Endocrine disrupting chemicals.
|2 fast
|0 (OCoLC)fst01745376
|
| 655 |
|
4 |
|a Electronic books.
|
| 700 |
1 |
|
|a Litwack, Gerald,
|e editor.
|
| 830 |
|
0 |
|a Vitamins and hormones ;
|v v. 94.
|
| 856 |
4 |
0 |
|u https://www.sciencedirect.com/science/bookseries/00836729/94
|z Full Text via HEAL-Link
|